<?xml version='1.0' encoding='UTF-8'?><?xml-stylesheet href='static/style.xsl' type='text/xsl'?><OAI-PMH xmlns="http://www.openarchives.org/OAI/2.0/" xmlns:xsi="http://www.w3.org/2001/XMLSchema-instance" xsi:schemaLocation="http://www.openarchives.org/OAI/2.0/ http://www.openarchives.org/OAI/2.0/OAI-PMH.xsd"><responseDate>2026-04-30T06:08:01Z</responseDate><request verb="GetRecord" identifier="oai:ebiltegia.mondragon.edu:20.500.11984/14069" metadataPrefix="marc">https://ebiltegia.mondragon.edu/oai/request</request><GetRecord><record><header><identifier>oai:ebiltegia.mondragon.edu:20.500.11984/14069</identifier><datestamp>2026-03-13T07:15:48Z</datestamp><setSpec>com_20.500.11984_473</setSpec><setSpec>col_20.500.11984_475</setSpec></header><metadata><record xmlns="http://www.loc.gov/MARC21/slim" xmlns:dcterms="http://purl.org/dc/terms/" xmlns:xsi="http://www.w3.org/2001/XMLSchema-instance" xmlns:doc="http://www.lyncode.com/xoai" xsi:schemaLocation="http://www.loc.gov/MARC21/slim http://www.loc.gov/standards/marcxml/schema/MARC21slim.xsd">
   <leader>00925njm 22002777a 4500</leader>
   <datafield ind2=" " ind1=" " tag="042">
      <subfield code="a">dc</subfield>
   </datafield>
   <datafield ind2=" " ind1=" " tag="720">
      <subfield code="a">Ibarzabal-Zulaika, Ainhoa</subfield>
      <subfield code="e">author</subfield>
   </datafield>
   <datafield ind2=" " ind1=" " tag="720">
      <subfield code="a">Arenaza-Bengoa, Iñaki</subfield>
      <subfield code="e">author</subfield>
   </datafield>
   <datafield ind2=" " ind1=" " tag="720">
      <subfield code="a">Herce-Lezeta, Beñat</subfield>
      <subfield code="e">author</subfield>
   </datafield>
   <datafield ind2=" " ind1=" " tag="720">
      <subfield code="a">Freundlich, Frederick</subfield>
      <subfield code="e">author</subfield>
   </datafield>
   <datafield ind2=" " ind1=" " tag="260">
      <subfield code="c">2025-12</subfield>
   </datafield>
   <datafield ind2=" " ind1=" " tag="520">
      <subfield code="a">This study examines the influence of gender composition of the governing council (GC) and senior management council (SMC) of worker cooperatives on the distribution of cooperative surplus. The analysis relies on a panel dataset of 383 observations from 82 worker cooperatives, member firms of the MONDRAGON Corporation, over the period 2010–2022. Using the System generalized method of moments panel data methodology, the results indicate that gender composition does have an impact. Data on GCs’ gender composition on surplus distribution suggest that a higher proportion of women on these councils is associated with lower surplus allocations, in line with the substitution perspective of agency theory and several studies on women's behaviour in decision-making bodies. Conversely, in the case of the SMCs, a positive relationship is observed between the proportion of women and surplus distribution. Although agency conflicts should be minimal in the cooperative context, the different results observed between the two governance bodies suggest that certain agency effects may be present. This suggests that the configuration and functioning of decision-making bodies can play a key role in how surpluses are managed and distributed. These findings contribute to the literature by advancing our understanding of gender effects on senior-level financial decision-making processes in worker cooperatives.</subfield>
   </datafield>
   <datafield ind1="8" ind2=" " tag="024">
      <subfield code="a">1467-8292</subfield>
   </datafield>
   <datafield ind1="8" ind2=" " tag="024">
      <subfield code="a">https://katalogoa.mondragon.edu/janium-bin/janium_login_opac.pl?find&amp;ficha_no=200947</subfield>
   </datafield>
   <datafield ind1="8" ind2=" " tag="024">
      <subfield code="a">https://hdl.handle.net/20.500.11984/14069</subfield>
   </datafield>
   <datafield tag="653" ind2=" " ind1=" ">
      <subfield code="a">Cooperativas</subfield>
   </datafield>
   <datafield tag="653" ind2=" " ind1=" ">
      <subfield code="a">Dividendos</subfield>
   </datafield>
   <datafield tag="653" ind2=" " ind1=" ">
      <subfield code="a">Desigualdad por género</subfield>
   </datafield>
   <datafield tag="653" ind2=" " ind1=" ">
      <subfield code="a">Grupo Mondragon</subfield>
   </datafield>
   <datafield ind2="0" ind1="0" tag="245">
      <subfield code="a">Exploring the relationship between the gender composition of senior company bodies and surplus distribution in worker cooperatives in the MONDRAGON Corporation</subfield>
   </datafield>
</record></metadata></record></GetRecord></OAI-PMH>